| 000 | 00754nam a2200241 i 4500 | ||
|---|---|---|---|
| 001 | bgj | ||
| 245 | 0 | 0 |
_aAnnual edition: Western civilization. - Vol. 2: Early modern through the 20th century / _cedited by William Hughes. |
| 250 | _a5th ed. | ||
| 260 |
_aGuilford, Ct : _bThe Dushkin Publ., _cc. 1989. |
||
| 300 |
_a[11], 209, [3] pp : _bill., phot., reprod. ; _c28 cm. |
||
| 505 | _aIncludes topic guide and index. | ||
| 650 | 9 | _aCivilization | |
| 650 | 9 |
_aWorld _xHistory |
|
| 655 | _aAddresses, essays, lectures | ||
| 655 | _aPeriodicals | ||
| 700 | 1 |
_aHUGHES, William. _eed. |
|
| 020 | _a0879677805 (pbk) | ||
| 040 | _cBPK | ||
| 041 | 0 | _aeng | |
| 920 | _a0-87967-780-5 (pbk) | ||
| 942 | _cKS | ||
| 008 | s uk f |000 0 eng | ||
| 999 |
_c41389 _d41389 |
||
| 856 |
_uhttp://koha.tu.koszalin.pl/cgi-bin/koha/opac-detail.pl?biblionumber=41389 _yKatalog online BPK |
||